Tropical moist forest silviculture and management : (Record no. 142021)
[ view plain ]
| 000 -LEADER | |
|---|---|
| fixed length control field | 01205cam a2200325 a 4500 |
| 008 - FIXED-LENGTH DATA ELEMENTS--GENERAL INFORMATION | |
| fixed length control field | |
| 020 ## - INTERNATIONAL STANDARD BOOK NUMBER | |
| International Standard Book Number | 0851992552 (hbk.) |
| 049 ## - LOCAL HOLDINGS (OCLC) | |
| Holding library | MAIN |
| 090 ## - LOCALLY ASSIGNED LC-TYPE CALL NUMBER (OCLC); LOCAL CALL NUMBER (RLIN) | |
| Classification number (OCLC) (R) ; Classification number, CALL (RLIN) (NR) | SD235.A785 |
| Local cutter number (OCLC) ; Book number/undivided call number, CALL (RLIN) | DAW |
| 003 - CONTROL NUMBER IDENTIFIER | |
| control field | |
| 005 - DATE AND TIME OF LATEST TRANSACTION | |
| control field | 20250218160415.0 |
| 040 ## - CATALOGING SOURCE | |
| Transcribing agency | NUST |
| 100 1# - MAIN ENTRY--PERSONAL NAME | |
| Personal name | Dawkins, H. Colyear. |
| 245 10 - TITLE STATEMENT | |
| Title | Tropical moist forest silviculture and management : |
| Remainder of title | a history of success and failure / |
| Statement of responsibility, etc. | H. Colyear Dawkins and Michael S. Philip. |
| 260 ## - PUBLICATION, DISTRIBUTION, ETC. | |
| Place of publication, distribution, etc. | Oxon : |
| Name of publisher, distributor, etc. | CAB International, |
| Date of publication, distribution, etc. | c1998. |
| 300 ## - PHYSICAL DESCRIPTION | |
| Extent | xviii, 359 p. : |
| Other physical details | ill., maps ; |
| Dimensions | 25 cm. |
| 500 ## - GENERAL NOTE | |
| General note | Includes index. |
| 504 ## - BIBLIOGRAPHY, ETC. NOTE | |
| Bibliography, etc. note | Includes bibliographical references. |
| 650 #0 - SUBJECT ADDED ENTRY--TOPICAL TERM | |
| Topical term or geographic name entry element | Forests and forestry |
| Geographic subdivision | Southeast Asia |
| General subdivision | History. |
| 650 #0 - SUBJECT ADDED ENTRY--TOPICAL TERM | |
| Topical term or geographic name entry element | Forest management |
| Geographic subdivision | Southeast Asia |
| General subdivision | History. |
| 650 #0 - SUBJECT ADDED ENTRY--TOPICAL TERM | |
| Topical term or geographic name entry element | Forest conservation |
| Geographic subdivision | Southeast Asia |
| General subdivision | History. |
| 650 #0 - SUBJECT ADDED ENTRY--TOPICAL TERM | |
| Topical term or geographic name entry element | Forests and forestry |
| Geographic subdivision | India |
| General subdivision | History. |
| 650 #0 - SUBJECT ADDED ENTRY--TOPICAL TERM | |
| Topical term or geographic name entry element | Forest management |
| Geographic subdivision | India |
| General subdivision | History. |
| 650 #0 - SUBJECT ADDED ENTRY--TOPICAL TERM | |
| Topical term or geographic name entry element | Forest conservation |
| Geographic subdivision | India |
| General subdivision | History. |
| 650 #0 - SUBJECT ADDED ENTRY--TOPICAL TERM | |
| Topical term or geographic name entry element | Rain forests |
| Geographic subdivision | Southeast Asia |
| General subdivision | History. |
| 650 #0 - SUBJECT ADDED ENTRY--TOPICAL TERM | |
| Topical term or geographic name entry element | Rain forests |
| Geographic subdivision | India |
| General subdivision | History. |
| 700 1# - ADDED ENTRY--PERSONAL NAME | |
| Personal name | Philip, Michael S. |
| 907 ## - LOCAL DATA ELEMENT G, LDG (RLIN) | |
| a | .b10319086 |
| b | 07-05-13 |
| c | 01-10-12 |
| 942 ## - ADDED ENTRY ELEMENTS (KOHA) | |
| Koha item type | Ordinary Loan Books |
| Call number prefix | SD235.A785 |
| Call number suffix | DAW |
| Koha issues (borrowed), all copies | 1 |
| Date last seen | Total Checkouts | Full call number | Barcode | Date last checked out | Cost, replacement price | Price effective from | Koha item type | Lost status | Source of classification or shelving scheme | Damaged status | Not for loan | Collection | Withdrawn status | Home library | Current library | Shelving location | Date acquired | Cost, normal purchase price |
|---|---|---|---|---|---|---|---|---|---|---|---|---|---|---|---|---|---|---|
| 03/08/2025 | 2 | SD235.A785 DAW | 92004031939 | 02/18/2025 | 80.00 | 01/23/2023 | BOOKS | LCC | NFIC | MAIN | MAIN | GEN | 01/23/2023 | 80.00 |